| 000 | 00779nam a2200205Ii 4500 | ||
|---|---|---|---|
| 003 | JO-AjNU | ||
| 008 | 230605s9999||||xx |||||||||||||| ||und|| | ||
| 040 |
_aJO-AjNU _bara _erda _cJO-AjNU |
||
| 041 | _aara | ||
| 050 | 1 | 4 | _aBP136.48 2008 |
| 100 | 3 |
_aالحنبلي، ضياء الدين محمد بن الواحد المقدسي الدمشقي؛ تحقيق محمد مطيع الحاقظ, _eauthor _947757 |
|
| 245 | 0 | 0 | _aعوالي الأسانيد من نفائس السنة النبوية |
| 250 | _aط1 | ||
| 264 | 3 | 1 | _aسورية: دار المكتبي، 2008 |
| 300 | _a92ص | ||
| 336 |
_atext _btxt _2rdacontent |
||
| 337 |
_aunmediated _bn _2rdamedia |
||
| 338 |
_avolume _bnc _2rdacarrier |
||
| 650 | 4 |
_aالحديث - اسانيد - السنة النبوية _947758 |
|
| 999 |
_aA20870 _c24438 _d24438 |
||